000 00476nam a22001817a 4500
005 20251108175721.0
008 250721s2019 xx 000 0 eng d
082 1 4 _aJ/F/DOG
245 1 4 _aThe dog and the bone /
250 _aالاولى
264 _bHOME APPLIED TRAINING,
_c2019.
300 _a16 ص.
490 0 _aAESOP'S FABLES
650 1 7 _aFICITION
653 _aاطفال مرحلة مترسطة من (6-9)سنوات
942 _2ddc
_cBK
999 _c140738
_d140738